ბათუმის შოთა რუსთაველის სახელმწიფო უნივერსიტეტის ბიბლიოთეკა

Микроэкономика (ბიბ.ჩანაწერი № 37069)

000 -LEADER
fixed length control field 00686nam a2200241Ia 4500
001 - CONTROL NUMBER
control field 3023
003 - CONTROL NUMBER IDENTIFIER
control field GE_BSU
008 - FIXED-LENGTH DATA ELEMENTS--GENERAL INFORMATION
fixed length control field 181216s||||||||xx |||||||||||||| ||und||
020 ## - INTERNATIONAL STANDARD BOOK NUMBER
International Standard Book Number 5865090526
040 ## - CATALOGING SOURCE
Transcribing agency GE_BSU
080 ## - UNIVERSAL DECIMAL CLASSIFICATION NUMBER
Universal Decimal Classification number 330.101(075.8)
100 ## - MAIN ENTRY--PERSONAL NAME
Personal name Р.Г. Емцов, М.Ю. Лукин
245 ## - TITLE STATEMENT
Title Микроэкономика
245 ## - TITLE STATEMENT
Remainder of title Учебник
245 ## - TITLE STATEMENT
Statement of responsibility, etc. под общей редакцией профессора, доктора эконом. наук А.В. Сидоровича
260 ## - PUBLICATION, DISTRIBUTION, ETC.
Place of publication, distribution, etc. Москва
260 ## - PUBLICATION, DISTRIBUTION, ETC.
Name of publisher, distributor, etc. ДИС
260 ## - PUBLICATION, DISTRIBUTION, ETC.
Date of publication, distribution, etc. 1997
300 ## - PHYSICAL DESCRIPTION
Extent 320 с.
653 ## - INDEX TERM--UNCONTROLLED
Uncontrolled term Микроэкономика
942 ## - ADDED ENTRY ELEMENTS (KOHA)
Koha item type წიგნი
ეგზემპლარები
Withdrawn status Lost status Damaged status Not for loan Date acquired Barcode Date last seen Price effective from Koha item type Public note
        2018-12-17 7942 2018-12-17 2018-12-17 წიგნი დარბაზი
        2018-12-17 7943 2018-12-17 2018-12-17 წიგნი დარბაზი